Az Európai Unió Kül- és Biztonságpolitikai tevékenységének fejlődése Az Európai Külügyi Szolgálat és a főképviselő szerepe /

Elmentve itt :
Bibliográfiai részletek
Szerző: Oberst Olga
További közreműködők: Kertészné Dr. Váradi Szilvia (Témavezető)
Dokumentumtípus: Szakdolgozat
Megjelent: 2018
Tárgyszavak:
Online Access:http://diploma.bibl.u-szeged.hu/129662
LEADER 00915nta a2200193 i 4500
001 dipl129662
005 20220919145310.0
008 220915s2018 hu om 0|| hun d
040 |a SZTE Diploma Repozitórium  |b hun 
041 |a hun 
100 1 |a Oberst Olga 
245 1 3 |a Az Európai Unió Kül- és Biztonságpolitikai tevékenységének fejlődése  |h [elektronikus dokumentum] :  |b Az Európai Külügyi Szolgálat és a főképviselő szerepe /  |c Olga Oberst 
246 1 0 |a Development of the European Union's foreign and security policy: The role of the European External Action Service and the High Representative  |h [elektronikus dokumentum] 
260 |c 2018 
650 4 |a Jogi és igazgatási tanulmányok 
650 4 |a Social sciences 
650 4 |a Political science 
700 2 |a Kertészné Dr. Váradi Szilvia  |e ths 
856 4 0 |u https://diploma.bibl.u-szeged.hu/id/eprint/129662/1/2018_oberst_olga.pdf  |z Dokumentum-elérés